000 00267nam a2200109Ia 4500
008 200302s9999 xx 000 0 und d
100 _aW. B. Mckay
245 _aBuilding Construction Metric 5th ed.
260 _bPearson Eduction Ltd,.
260 _c2014
300 _a162
999 _c3452
_d3452